Gulliver - Viagem a Liliput (Registo nº 198135)

Detalhes MARC
000 -Etiqueta do registo
Valores 00622nam 22001933 4500
021 ## - Número do Depósito Legal
Número 6811
100 ## - Dados gerais de processamento
Dados gerais 20250926d u||y0pory50 ba
200 ## - Titulo e menção de responsabilidade
Título próprio Gulliver - Viagem a Liliput
Primeira menção de responsabilidade Jonathan Swift
Outras menções de responsabilidade ilustrações de Rita Cardoso Pires
-- tradução/adaptação de Clara Pinto Correia
205 ## - Menção da edição
Edição
210 ## - Publicação
Local de publicação Lisboa
Nome do editor Universos Mágicos
Data de publicação 1984
215 ## - Descrição física 
Paginação / Volumes 104, [2] p.
Outras indicações físicas brochado
Dimensões 21 cm
606 ## - Nome comum usado como assunto
ID Autoridade 1154
Palavra de ordem Literatura juvenil irlandesa
675 ## - CDU
Notação 821.111(417)-93
Edição PT
Língua por
700 ## - Autor principal (pessoa individual)
ID Autoridade 2506
Apelido Swift
Nome Jonathan
Datas 1667-1745
801 ## - Fonte de origem
País PT
Agência BMMN
Regras de catalogação RPC
830 ## - Notas gerais do catalogador
Criado por Ana Caetano
990 ## - Elementos KOHA
Tipo de documento Livro
Exemplares
Situação do levantamento Biblioteca de origem Código de barras Cota Permissão de empréstimo Tipo de documento Forma de aquisição
  Biblioteca Escola São João de Deus 26353 821.111(417)-93 SWI   Livro Oferta

Powered by Koha